Дело об открытии и преобразовании городских училищ в Харьковском учебном округе

Доступно только в Электронных читальных залах Найти на картеНа карте
RUSMARC
00003730nmc2a22002413x 450
0014eb06297-c764-48c7-86df-e8fde098f052
00520201104182609.0
100##$a20200324l19121914k l0rusy0189 ca
1010#$arus
102##$aRU
105##$ae###
1222#$ad
2001#$aДело об открытии и преобразовании городских училищ в Харьковском учебном округе
$j23 января 1912 г. - 23 декабря 1914 г.
215##$a160 л.
$cплан.
$d36,5х26 см
251##$cДело
300##$aДело
371##$aДокумент не является опубликованным и широко распространяемым
461#0$1001a74412a3-3cc5-4d21-8f0a-dfe2fbd9e72d
$12001
$aДепартамент народного просвещения Министерства народного просвещения (1803-1917)
$1251
$cФонд
$1852
$j733
462#0$1001de44f274-01d8-41ba-8482-7eb0224f7e61
$12001
$aДела разряда учительских институтов, семинарий и низших учебных заведений
$1251
$cОпись
$1852
$j179
801#0$aRU
$bРГИА
$c20200324
$gRCR
801#1$aRU
$bГлавНИВЦ
$c20200324
$2rusmarc
801#2$aRU
$bПБ им. Б.Н. Ельцина
$c20201104
$gRCR
$2rusmarc
850##$aРГИА
852##$aРГИА
$eФедеральное казенное учреждение "Российский государственный исторический архив" (РГИА)
$j79
937##$hРГИА
$d12341441
$aASBIBLIO_SCAN
035##$aRusGRCC00004035
856##$uhttp://readingroom.main.prlib.ru/item.aspx?id_node=n151045838&mode=full
Формат отображения